[Event "88th ch-FRA 2013"]
[Site "Nancy FRA"]
[Date "2013.08.13"]
[Round "3.2"]
[White "Tkachiev,V"]
[Black "Sebag,M"]
[Result "1/2-1/2"]
[WhiteElo "2637"]
[BlackElo "2527"]

1.Nf3 d5 2.d4 Nf6 3.c4 c6 4.e3 Bf5 5.Nc3 e6 6.Nh4 Be4 7.f3 Bg6 8.Qb3 Qc7
9.Bd2 Be7 10.cxd5 cxd5 11.O-O-O Nc6 12.Nxg6 hxg6 13.Kb1 O-O 14.Rc1 Rfc8 15.Qd1 e5
16.g4 exd4 17.exd4 Bb4 18.a3 Bxc3 19.Bxc3 Qf4 20.h4 Re8 21.Bd3 Re6 22.h5 gxh5
23.gxh5 Rae8 24.Ka2 a6 25.Rh3 b5 26.Qg1 Qe3 27.Bf5 Qxg1 28.Rxg1 Re2 29.Rhg3 Nxh5
30.Rg5 R8e3 31.Kb1 Rh2 32.Bc8 a5 33.Bb7 b4 34.axb4 axb4 35.Bxc6 bxc3 36.bxc3 Rxc3
37.Bxd5 Kf8 38.Rc1 Rxc1+ 39.Kxc1 Nf4 40.Bc4  1/2-1/2

[Event "88th ch-FRA 2013"]
[Site "Nancy FRA"]
[Date "2013.08.15"]
[Round "5.1"]
[White "Tkachiev,V"]
[Black "Hamdouchi,H"]
[Result "1/2-1/2"]
[WhiteElo "2637"]
[BlackElo "2613"]

1.Nf3 c5 2.c4 Nc6 3.d4 cxd4 4.Nxd4 g6 5.e4 Nf6 6.Nc3 d6 7.Be2 Nxd4 8.Qxd4 Bg7
9.Bg5 O-O 10.Qe3 Qb6 11.O-O Be6 12.Rad1 Rfc8 13.b3 Qxe3 14.Bxe3 a6 15.Bd4 g5
16.e5 Ne8 17.exd6 Nxd6 18.Bxg7 Kxg7 19.Nd5 Bxd5 20.Rxd5 h6 21.h4 gxh4 22.Bf3 Rc7
23.Rfd1 Rac8 24.Bg4 Rb8 25.Bf3 Rbc8 26.Bg4 Rb8 27.Bf3 Rbc8 28.Bg4  1/2-1/2

[Event "88th ch-FRA 2013"]
[Site "Nancy FRA"]
[Date "2013.08.17"]
[Round "6.3"]
[White "Sokolov,And1"]
[Black "Tkachiev,V"]
[Result "1/2-1/2"]
[WhiteElo "2558"]
[BlackElo "2637"]

1.e4 e5 2.Nf3 Nc6 3.Bb5 a6 4.Ba4 Nf6 5.O-O Be7 6.Re1 b5 7.Bb3 O-O 8.c3 d5
9.exd5 Nxd5 10.Nxe5 Nxe5 11.Rxe5 Bb7 12.Qf3 Bd6 13.Bxd5 c6 14.Re1 cxd5 15.d4 Qc7
16.h3 Rae8 17.Rxe8 Rxe8 18.Be3 b4 19.a3 a5 20.axb4 axb4 21.Nd2 bxc3 22.bxc3 Qxc3
23.Rb1 Qc6 24.Nf1 Ba6 25.Rc1 Qd7 26.Bf4 Bxf4 27.Qxf4 Bxf1 28.Kxf1 Rc8 29.Rxc8+ Qxc8
30.Qe5 Qc1+ 31.Ke2 Qc4+ 32.Kd2 h6 33.h4 f6 34.Qe6+ Kh8 35.Qe3 Qa2+ 36.Ke1 Qb1+
37.Kd2 Qa2+ 38.Ke1 Qb1+ 39.Kd2 Qa2+ 40.Ke1  1/2-1/2

[Event "88th ch-FRA 2013"]
[Site "Nancy FRA"]
[Date "2013.08.21"]
[Round "10.6"]
[White "Vaisser,A"]
[Black "Tkachiev,V"]
[Result "1/2-1/2"]
[WhiteElo "2544"]
[BlackElo "2637"]

1.d4 g6 2.e4 Bg7 3.c4 d6 4.Nc3 c6 5.Be3 Nf6 6.f3 O-O 7.Bd3 e5 8.Nge2 exd4
9.Bxd4 Nbd7 10.O-O Re8 11.Kh1 a6 12.a4 b6 13.Bc2 Bb7 14.Qd2 Qc7 15.Rad1 Rad8
16.Qg5 Re6 17.Rd2 Ne5 18.b3 Ree8 19.f4 h6 20.Qh4 Ned7 21.Rfd1 c5 22.Bxf6 Nxf6
23.Ng3 h5 24.Nd5 Bxd5 25.cxd5 c4 26.e5 dxe5 27.d6 Qc5 28.fxe5 Qxe5 29.Qxc4 b5
30.axb5 axb5 31.Qb4 h4 32.Re2 Qb2 33.Bd3 Rxe2 34.Nxe2 Qe5 35.Qxh4 Rxd6 36.Ng1 Qe3
37.Qh3 Qc5 38.Qf3 Re6 39.b4 Qxb4 40.Rb1 Qd4 41.Bxb5 Ne4 42.Nh3 Bf8 43.Rf1 Rf6
44.Qd3 Rxf1+ 45.Qxf1 Kg7 46.Bc6 Qd8  1/2-1/2

[Event "Bronstein Mem Open A 2014"]
[Site "Minsk BLR"]
[Date "2014.02.11"]
[Round "1.16"]
[White "Tkachiev,V"]
[Black "Ivanov,MM"]
[Result "1-0"]
[WhiteElo "2637"]
[BlackElo "2383"]

1.d4 Nf6 2.c4 g6 3.g3 Bg7 4.Bg2 O-O 5.Nc3 c6 6.e4 d6 7.Nge2 e5 8.O-O Be6
9.b3 Qc8 10.d5 cxd5 11.cxd5 Bh3 12.Ba3 Bxg2 13.Kxg2 Qd7 14.Qd2 Na6 15.f3 h5
16.h3 Rfc8 17.Rfc1 h4 18.g4 Nh7 19.Nd1 Bf6 20.Rxc8+ Rxc8 21.Rc1 Bg5 22.Rxc8+ Qxc8
23.Qc3 Qd8 24.Nb2 Nf6 25.Nc4 Ne8 26.Qa5 Qd7 27.Qa4 Qe7 28.Qb5 f5 29.Ng1 Bh6
30.Na5 Nac7 31.Qd3 fxg4 32.fxg4 a6 33.Nf3 Nb5 34.Bb4 Bf4 35.Nc4 g5 36.a4 Na7
37.Bd2 b5 38.axb5 axb5 39.Ne3 Ng7 40.Nf5 Nxf5 41.gxf5  1-0

[Event "Bronstein Mem Open A 2014"]
[Site "Minsk BLR"]
[Date "2014.02.12"]
[Round "2.12"]
[White "Sivuk,V"]
[Black "Tkachiev,V"]
[Result "1/2-1/2"]
[WhiteElo "2507"]
[BlackElo "2637"]

1.e4 c5 2.Nf3 d6 3.Bb5+ Bd7 4.Bxd7+ Qxd7 5.c4 Nf6 6.Nc3 g6 7.d4 cxd4 8.Nxd4 Bg7
9.f3 Qc7 10.b3 Qa5 11.Bb2 Nc6 12.O-O O-O 13.Nce2 Nxd4 14.Bxd4 a6 15.Qe1 Qxe1
16.Rfxe1 Rfc8 17.Rac1 Nd7 18.Bxg7 Kxg7 19.Nc3 Kf8 20.Red1 Rc6 21.Kf2 Rac8
22.Ne2 e6 23.g4 g5 24.h4 h6 25.Rh1 Ke7 26.a4 Ne5 27.Ke3 Rc5 28.Nd4 Nc6 29.Rh2 b5
30.axb5 Nxd4 31.Kxd4 axb5 32.hxg5 hxg5 33.Ra2 bxc4 34.Rxc4 Rxc4+ 35.bxc4 e5+
36.Kc3 Rh8 37.Kd3  1/2-1/2

[Event "Bronstein Mem Open A 2014"]
[Site "Minsk BLR"]
[Date "2014.02.13"]
[Round "3.15"]
[White "Tkachiev,V"]
[Black "Hayrapetyan,Ho"]
[Result "1/2-1/2"]
[WhiteElo "2637"]
[BlackElo "2469"]

1.d4 d5 2.c4 c6 3.Nf3 Nf6 4.Qb3 e6 5.Bg5 Nbd7 6.Nc3 Be7 7.e3 O-O 8.Be2 a6
9.O-O b5 10.c5 e5 11.dxe5 Nxc5 12.Qc2 Nfd7 13.Bxe7 Qxe7 14.Nd4 Bb7 15.f4 g6
16.b4 Ne6 17.Rab1 Rac8 18.Bg4 c5 19.bxc5 Nexc5 20.Qd2 Rc7 21.Nf3  1/2-1/2

[Event "Bronstein Mem Open A 2014"]
[Site "Minsk BLR"]
[Date "2014.02.14"]
[Round "4.16"]
[White "Chigaev,M"]
[Black "Tkachiev,V"]
[Result "1/2-1/2"]
[WhiteElo "2510"]
[BlackElo "2637"]

1.e4 d6 2.d4 Nf6 3.Nc3 g6 4.f3 c6 5.Be3 Qb6 6.b3 Bg7 7.Qd2 Qa5 8.O-O-O b5
9.Kb1 Nbd7 10.Nd5 Qxd2 11.Nxf6+ Nxf6 12.Bxd2 a5 13.g4 b4 14.h4 h5 15.g5 Nd7
16.Be3 Ba6 17.Ne2 c5 18.dxc5 dxc5 19.f4 a4 20.Ng3 Bxf1 21.Rhxf1 axb3 22.cxb3 c4
23.e5 c3 24.Ne4 Nb8 25.Rd4 Na6 26.Rc4 O-O 27.Rd1 Rfc8 28.Rxc8+ Rxc8 29.Rd7 Nc7
30.a4 bxa3 31.Nxc3 Bf8 32.Rd4 Rb8 33.Ka2 e6 34.Bc1 Bb4 35.Rc4 Nd5 36.Nxd5 exd5
37.Rd4 Be1 38.Rxd5 Bxh4 39.Kxa3 Bg3 40.b4 h4 41.Rd3 Kf8 42.Ka4 Ra8+ 43.Kb3 Rb8
44.Ka4  1/2-1/2

[Event "XXVIII Festival des Jeux 2014"]
[Site "Cannes FRA"]
[Date "2014.03.01"]
[Round "8.4"]
[White "Bellia,F"]
[Black "Tkachiev,V"]
[Result "0-1"]
[WhiteElo "2398"]
[BlackElo "2637"]

1.e4 c5 2.c3 d6 3.d4 Nf6 4.dxc5 Nc6 5.Nd2 dxc5 6.Ngf3 Qc7 7.Be2 g6 8.O-O Bg7
9.Qc2 O-O 10.a4 h6 11.Nc4 Be6 12.g3 b6 13.Bf4 Qb7 14.a5 Rad8 15.axb6 axb6
16.Nfd2 g5 17.Be3 Ng4 18.Bxg4 Bxg4 19.f3 Bh3 20.Rfd1 Rd7 21.Nb3 Rxd1+ 22.Qxd1 Be6
23.Qe2 Bxc4 24.Qxc4 Ne5 25.Qd5 Qxd5 26.exd5 Nxf3+ 27.Kf2 Ne5 28.Ra7 Rd8 29.Rxe7 Bf6
30.Rb7 Nc4 31.Bc1 Rxd5 32.Kf3 Rd1 33.h3 Kg7 34.g4 Rd3+ 35.Kg2 Bxc3 36.bxc3 Rxc3
37.Rxb6 Rc2+  0-1